| 000 | 01007nac a22002291u 4500 | ||
|---|---|---|---|
| 010 | _a 91013055 | ||
| 020 | _a0521377099 (pbk.) | ||
| 082 | 0 | 0 |
_a621.38107 _bH4171 |
| 090 |
_c4991 _d4991 |
||
| 100 | _aHayes, Thomas C. | ||
| 245 | 1 | 0 |
_aStudent manual for The art of electronics / _cThomas C. Hayes, Paul Horowitz. |
| 260 |
_aCambridge [England] ; _aNew York, NY, USA : _bCambridge University Press,c1989 _cc1989 |
||
| 300 |
_aix, 614 p. : _bill. ; _c26 cm. |
||
| 500 | _aIncludes index. | ||
| 650 | 0 |
_aElectronics _xLaboratory manuals. |
|
| 650 | 0 |
_aElectronic circuit design _xLaboratory manuals. |
|
| 700 | 1 |
_aHorowitz, Paul, _d1942- |
|
| 856 | 4 | 2 |
_3Publisher description _uhttp://www.loc.gov/catdir/description/cam024/91013055.html |
| 856 | 4 | 2 |
_3Table of contents _uhttp://www.loc.gov/catdir/toc/cam028/91013055.html |
| 942 |
_cTB _k621.38107 |
||
| 999 |
_c4991 _d4991 |
||